[Event "Groningen Festival 2018"]
[Site "Groningen"]
[Date "2018.12.24"]
[Round "4"]
[White "Ernst, Sipke"]
[Black "Kokje, Joris"]
[Result "1-0"]
[WhiteElo "2539"]
[BlackElo "2244"]
[Annotator "TA"]
[PlyCount "92"]
[EventDate "2018.12.22"]
[EventType "swiss"]
[EventCountry "NED"]
[SourceTitle "playchess.com"]
[Source "ChessBase"]
[SourceQuality "1"]

{[%evp 23,92,43,36,38,41,38,58,57,66,56,53,45,81,87,81,64,111,85,94,91,81,82,108,106,104,102,114,111,115,104,106,83,108,75,77,70,81,72,85,81,122,120,122,102,114,121,643,671,660,675,604,570,569,550,731,748,693,643,485,475,1679,1526,2409,2345,5377,5289,5414,5394,3531,3004,2532]} 1. e4 c5 2. Nf3 d6 3. h3 Nf6 4. Bd3 c4 5. Bxc4 Nxe4 6. d3 Nf6 7. d4 d5 8. Bd3 Nc6 9. c3 g6 10. Bf4 Bg7 11. Nbd2 O-O 12. O-O Bf5 13. Bxf5 {B13: Caro-Kann: Exchange Variation and Panov-Botvinnik Attack} (13. Qe2 Bxd3 14. Qxd3 Qc8 15. Qe3 b5 16. a4 a6 17. b4 Qb7 18. Ne5 Rfc8 19. Nd3 bxa4 20. Rxa4 Nd7 21. Rfa1 Qb5 22. Nc5 Nxc5 23. bxc5 a5 24. Nf3 Qb7 25. Bg3 {½-½ (23) Nagibin,G (2386)-Lintchevski,D (2485) Dagomys 2009}) 13... gxf5 14. Qb3 $146 ({Predecessor:} 14. Ne5 e6 15. Re1 Re8 16. Bg5 Qb6 17. Bxf6 Bxf6 18. Nb3 Nxe5 19. dxe5 Bg7 20. Qe2 Rac8 21. Nd4 a6 22. Rad1 Rc4 23. Rd3 Rec8 24. Rg3 Qd8 25. Qh5 h6 26. Qxh6 Qf8 27. Ree3 {1-0 (25) Lamas,D (2200)-Sanchez Fernandez,F (2200) ICCF email 1997}) 14... Qd7 15. Ne5 {White is slightly better.} Nxe5 16. dxe5 Ne4 17. Rad1 {Black must now prevent Nxe4.} Rfd8 18. Nxe4 fxe4 19. f3 $36 {[%mdl 2048] White is more active.} e3 20. Qc2 Qc7 21. Bxe3 Qxe5 22. Bd4 Qh5 23. f4 Qh6 24. Qe2 Bxd4+ 25. Rxd4 Qf6 26. Re1 {[%cal Bf1e1,Be1e3,Be3d3][%mdl 32]} e6 27. Qb5 Kh8 28. Kh2 ({Of course not} 28. Qxb7 $6 Rab8 $11) 28... Rg8 29. Re3 Qh4 30. Qe2 Rae8 31. g3 Qf6 {[#]} 32. Rxd5 $1 {[%mdl 576] Pin} Rd8 (32... exd5 33. Rxe8) 33. Rxd8 Rxd8 $16 {[%mdl 4096] Endgame KQR-KQR} 34. Rd3 Kg8 $2 {[%mdl 8192]} (34... Rxd3 $16 35. Qxd3 e5) 35. Qe5 $18 {White is clearly winning.} Qe7 36. Rxd8+ Qxd8 {[#]} 37. Qg5+ $1 Qxg5 38. fxg5 {KP-KP} Kf8 39. Kg2 Ke7 40. Kf3 Kd6 41. Ke4 b5 (41... Ke7 $142 42. Ke5 h6) 42. b3 Kd7 43. Ke5 Ke7 44. h4 {[%cal Bh3h4,Bh4h5][%mdl 32]} Kd7 45. h5 Ke7 46. g4 Kd7 {Accuracy: White = 80%, Black = 29%.} 1-0

[Event "Groningen Festival 2018"]
[Site "Groningen"]
[Date "2018.12.24"]
[Round "4"]
[White "Gleizerov, Evgeny"]
[Black "Hovsepyan, Vardan"]
[Result "1-0"]
[WhiteElo "2504"]
[BlackElo "2264"]
[Annotator "TA"]
[PlyCount "85"]
[EventDate "2018.12.22"]
[EventType "swiss"]
[EventCountry "NED"]
[SourceTitle "playchess.com"]
[Source "ChessBase"]
[SourceQuality "1"]

{[%evp 27,85,77,105,65,75,52,71,39,49,43,147,150,143,145,302,253,486,497,478,472,543,567,548,571,625,562,619,631,583,587,904,895,868,869,983,969,940,906,1027,1044,1006,980,1182,1139,1159,1114,1302,1204,1733,1733,1723,1106,2952,2964,29987,29988,29988,29973,2465,2331]} 1. d4 Nf6 2. c4 g6 3. Nc3 Bg7 4. e4 d6 5. Nf3 {[%cal Bg1f3,Bf3d2,Bd2c4][%mdl 32]} O-O 6. Be2 e5 7. O-O Nc6 8. d5 Ne7 9. Nd2 Nd7 10. b4 f5 11. c5 Nf6 12. f3 f4 13. Nc4 g5 14. a4 h5 {LiveBook: 15 Games. E97: King's Indian: Classical Main Line (6...e5 7 0-0 Nc6): 8 Be3 and 8 d5 Ne7, not 9 Ne1} 15. cxd6 cxd6 16. Nb5 Ne8 {White is slightly better.} 17. Bd2 {[%cal Bc1d2,Bd2e1,Be1f2,Bf2b6][%mdl 32]} Rf6 18. Be1 Rg6 {[#]} ({Black should play} 18... Bd7 $14) 19. Bf2 $1 $16 g4 20. Nxa7 g3 $2 {[#]} (20... Bd7 $16 21. Bb6 Qb8) 21. Bb6 $1 $18 {[%cal Rb6d8] [#]} ({Don't play} 21. hxg3 $6 Bd7 $18) 21... gxh2+ $146 (21... Nc7 {was called for.} 22. Nb5 gxh2+ 23. Kh1 Nexd5 24. Qxd5+ Nxd5 25. Bxd8 Bd7 26. exd5 Bxb5 27. axb5 Rxd8) ({Predecessor:} 21... Qd7 22. h3 {1-0 (32) Gonzalez Garcia,J (2508)-Markos,J (2557) Beijing 2008}) 22. Kh1 Qd7 23. Nd2 h4 {intending ...h3.} 24. Bb5 h3 25. Rf2 ({Less strong is} 25. Bxd7 hxg2+ 26. Kxh2 gxf1=N+ 27. Nxf1 (27. Qxf1 Bxd7 28. Nc4 Rh6+ 29. Kg1 Bh3 $18) 27... Bxd7 $18) 25... hxg2+ 26. Rxg2 Qh3 {[%csl Gg6][%cal Rh3g2]} 27. Rxg6 Nxg6 28. Bxe8 Qg3 29. Nf1 Qg5 30. Nxc8 Nh4 31. Ra2 ({Not} 31. Qc2 Rxc8 32. Qxh2 Rxe8 $18) 31... Rxc8 32. Bd7 Rc3 33. Be6+ Kf8 34. Bg4 Bf6 35. Rc2 Ra3 36. Nxh2 Ng6 37. a5 Qh6 38. Qc1 Rb3 39. Rb2 Ra3 40. Rg2 Rb3 41. Qc8+ {[%mdl 64] Double Attack} Kg7 42. Bf5 Rb1+ 43. Bg1 {Accuracy: White = 84%, Black = 32%.} 1-0

[Event "Groningen Festival 2018"]
[Site "Groningen"]
[Date "2018.12.24"]
[Round "4"]
[White "Ulybin, Mikhail"]
[Black "Baselmans, Luuk"]
[Result "1-0"]
[WhiteElo "2482"]
[BlackElo "2191"]
[Annotator "TA"]
[PlyCount "69"]
[EventDate "2018.12.22"]
[EventType "swiss"]
[EventCountry "NED"]
[SourceTitle "playchess.com"]
[Source "ChessBase"]
[SourceQuality "1"]

{[%evp 12,69,-2,5,30,10,25,-2,0,0,1,-30,-22,-24,-6,-6,-2,-22,-22,-19,52,45,114,135,108,88,187,174,372,387,369,359,360,315,687,645,619,304,1552,1579,1604,1576,1490,1441,1441,1408,1341,1295,1553,1709,1705,1591,1821,1420,1785,1767,29979,7735,6393,7433]} 1. d4 e6 2. c4 Bb4+ 3. Bd2 a5 4. g3 Nf6 5. Bg2 O-O 6. e4 {E00: Catalan Bogo-Indian (3 g3 Bb4+)} (6. Nf3 b6 7. O-O Bb7 8. Nc3 d6 9. Rc1 Nbd7 10. Bg5 Bxc3 11. Rxc3 h6 12. Bxf6 Nxf6 13. Nd2 Bxg2 14. Kxg2 e5 15. dxe5 dxe5 16. Qc2 Qd7 17. Ne4 Qc6 {½-½ (41) Stupak,K (2564)-Sasikiran,K (2666) Yerevan 2018}) 6... d6 7. Ne2 {LiveBook: 21 Games} Nc6 8. a3 $146 {White has an edge.} ({Predecessor:} 8. O-O e5 9. d5 Bxd2 10. Nxd2 Ne7 11. Qc2 c6 12. Rac1 Bg4 13. Nc3 Nd7 {1-0 (36) Jyothilal,N (2078)-Cowan,R (1894) London 2018}) 8... Bxd2+ 9. Qxd2 e5 10. O-O a4 11. Qc3 Bg4 12. f3 $1 {[%cal Rf3g4]} Bh5 ({Reject} 12... Nxe4 $6 13. Qe3 $16) 13. Nd2 Nd7 14. g4 {[%cal Bg3g4,Bg4g5,Bg5g6][%mdl 32]} Bg6 15. f4 {[#] Hoping for f5.} h5 (15... exd4 $11 16. Nxd4 Nxd4 17. Qxd4 f6) 16. g5 $14 h4 (16... exd4 $14 17. Nxd4 Nxd4 18. Qxd4 Nc5) 17. d5 $16 Na5 18. Qh3 Bh5 (18... Nc5 $16) 19. Bf3 $36 {[%mdl 2048] White is really pushing.} Bxf3 $2 (19... exf4 20. Bxh5 Qxg5+ 21. Qg4 Qxg4+ 22. Bxg4 Ne5) 20. Rxf3 f6 {[#]} 21. g6 $1 f5 22. exf5 Qf6 $2 (22... Nb3) 23. fxe5 Qg5+ 24. Kh1 Qxd2 $2 (24... Nxe5 25. f6 Qxg6) 25. Rf4 {[%cal Bf3f4,Bf4h4,Bh4h8,Bh8a8,Ba8a4][%mdl 32]} ({Weaker is} 25. Qxh4 Qh6 $14) 25... Rf6 26. Rxh4 {[%csl Gh3][%cal Rh4h8]} Kf8 27. Rh8+ Ke7 28. exf6+ Nxf6 29. Rxa8 {Threatening mate with Qh8.} Nxc4 30. Nc3 {Threatens to win with Qh8.} Ne3 31. Rxa4 Kd7 32. Rg1 b5 33. Rh4 Nfxd5 34. f6+ Kc6 35. Qf3 {Precision: White = 70%, Black = 31%.} 1-0

[Event "Groningen Festival 2018"]
[Site "Groningen"]
[Date "2018.12.24"]
[Round "4"]
[White "Vrolijk, Liam"]
[Black "Ladva, Ottomar"]
[Result "1/2-1/2"]
[WhiteElo "2440"]
[BlackElo "2497"]
[Annotator "TA"]
[PlyCount "79"]
[EventDate "2018.12.22"]
[EventType "swiss"]
[EventCountry "NED"]
[SourceTitle "playchess.com"]
[Source "ChessBase"]
[SourceQuality "1"]

{[%evp 20,79,21,0,7,14,11,0,0,0,3,-4,-7,-10,0,0,0,0,0,0,0,-22,-22,-23,-19,-21,-29,-22,-25,-40,5,-97,-90,-78,0,-26,-30,-41,-33,-32,-35,-33,0,0,0,0,0,0,0,0,0,-4,0,-6,0,0,0,0,0,0,0,0]} 1. d4 Nf6 2. Nf3 d5 3. Bf4 e6 4. e3 c5 5. Nbd2 Nc6 6. c3 Bd6 7. Bg3 O-O 8. Bd3 Qe7 9. dxc5 {D02: 1 d4 d5 2 Nf3 sidelines, including 2...Nf6 3 g3 and 2...Nf6 3 Bf4} (9. Ne5 Nd7 10. Nxd7 Qxd7 11. O-O b6 12. Bxd6 Qxd6 13. f4 f5 14. Nf3 c4 15. Bc2 b5 16. a3 a5 17. g4 Bd7 {½-½ (69) Grischuk,A (2781)-Hammer,J (2677) Stavanger 2015}) 9... Bxc5 10. e4 e5 11. O-O {LiveBook: 3 Games} d4 12. cxd4 Bxd4 13. Nxd4 Nxd4 14. Nc4 Nc6 $1 15. h3 $146 ({Predecessor:} 15. Qa4 Nd7 16. Rfd1 Nc5 {½-½ (37) Reyes,N (2318)-Nguyen,A (2482) Ho Chi Minh City 2017}) 15... Rd8 {...Nb4 is the strong threat.} 16. Qe2 b5 17. Na3 a6 18. Nc2 Be6 19. Rfd1 Nd7 20. a4 bxa4 21. Bxa6 {aiming for Bb7.} Nc5 22. Bb5 Nd4 23. Nxd4 exd4 24. f3 Qg5 25. Kh2 {[#]} (25. Bc7 $11) 25... Bb3 $1 $17 26. Rd2 {[#]} Ne6 (26... d3 $1 $17 {[%cal Rd3e2]} 27. Bxd3 Rd7) 27. Bc6 Rac8 28. Bd5 Bxd5 29. exd5 Qxd5 30. Rxa4 d3 31. Qe4 {The position is equal.} f5 {[%cal Bf7f5,Bf5f4][%mdl 32]} 32. Qxd5 Rxd5 33. Ra3 f4 34. Be1 Rcd8 35. Bf2 g5 36. b4 Ng7 37. g4 fxg3+ 38. Kxg3 Nf5+ 39. Kg2 Ne7 40. b5 {Accuracy: White = 62%, Black = 48%.} 1/2-1/2

[Event "Groningen Festival 2018"]
[Site "Groningen"]
[Date "2018.12.24"]
[Round "4"]
[White "Schoppen, Casper"]
[Black "Krasenkow, Michal"]
[Result "1-0"]
[WhiteElo "2431"]
[BlackElo "2630"]
[Annotator "TA"]
[PlyCount "91"]
[EventDate "2018.12.22"]
[EventType "swiss"]
[EventCountry "NED"]
[SourceTitle "playchess.com"]
[Source "ChessBase"]
[SourceQuality "1"]

{[%evp 21,91,35,43,28,50,15,17,20,16,27,38,21,33,27,91,78,84,63,222,199,203,211,208,212,189,193,253,252,245,240,373,373,364,380,338,337,352,354,359,330,976,968,29986,29987,29987,29988,2731,613,564,556,775,773,739,714,1171,1161,29964,29963,5197,5181,29979,29980,29979,29980,29981,29982,29982,29983,29982,29983,29983,29975]} 1. e4 d6 2. d4 g6 3. c4 Bg7 4. Nc3 c5 5. d5 e6 6. Bd3 exd5 7. exd5 Ne7 8. Nf3 O-O {A43: Schmid Benoni} 9. O-O Bg4 (9... Bf5 10. Re1 Bxd3 11. Qxd3 Nd7 12. Bf4 Nf6 13. h3 a6 14. Re2 Qd7 15. Rae1 Rae8 16. b3 {½-½ (29) Mchedlishvili,M (2601)-Malakhov,V (2713) Doha 2016}) 10. h3 Bxf3 11. Qxf3 Nd7 $1 {LiveBook: 4 Games} 12. Bc2 a6 13. Bg5 $146 ({Predecessor:} 13. a4 Re8 14. b3 Be5 15. Bd2 Kg7 16. Rae1 {1-0 (29) Demuth,A (2518)-Navrotescu,C (2406) Nimes 2014}) 13... h6 14. Bd2 Ne5 15. Qe2 Nf5 16. Bxf5 $1 gxf5 17. f4 Nd7 (17... Ng6 $1 $11) 18. Qd3 $36 {[%mdl 2048] White is on the roll.} Qf6 19. Ne2 {[%cal Bc3e2,Be2g3,Bg3f5][%mdl 32]} Qxb2 $2 (19... b5 $14) 20. Rab1 Qxa2 {[#] Black wants to play ...b5!} 21. Ng3 $1 {[%cal Rg3f5]} ({Don't do} 21. Rxb7 $6 Rab8 $16) 21... Bd4+ 22. Kh2 b5 23. Nxf5 Qxc4 {[#]} (23... bxc4 $2 24. Qg3+ Kh7 25. Qh4 $18) (23... Kh8 $142) 24. Qg3+ $1 $18 Kh8 25. Qh4 Nf6 (25... Bg7 $142) 26. Nxd4 Qxd4 27. Bc1 {[%cal Bd2c1,Bc1b2,Bb2f6][%mdl 32]} Kh7 {...Rg8 is the strong threat.} 28. Bb2 Qxd5 {Threatens to win with ...Rg8.} 29. Bxf6 ({Not} 29. Qxf6 Rg8 $16) 29... Rg8 {[%csl Gg8][%cal Rd5g2]} 30. Rb2 Rae8 $2 (30... Qc4) 31. f5 Re3 32. Rf4 Qd1 {[#]} 33. Rd2 $1 {[%mdl 512]} Qe1 (33... Qxd2 34. Qxh6+) 34. Qxe1 (34. Rdf2 $142 Qd1 35. R2f3 Rxg2+ 36. Kxg2 Re2+ 37. Rf2 Rxf2+ 38. Rxf2 Qd5+ 39. Kh2) 34... Rxe1 35. Rxd6 Ree8 36. Rd7 Ref8 37. g4 c4 38. h4 {[%cal Bh3h4,Bh4h5][%mdl 32]} Rg7 39. Bxg7 Kxg7 40. f6+ Kg6 41. h5+ {White mates.} Kh7 42. Re4 a5 43. Ree7 Kg8 44. Rb7 b4 45. Rec7 c3 46. Kg3 {Accuracy: White = 84%, Black = 37%.} 1-0

[Event "Groningen Festival 2018"]
[Site "Groningen"]
[Date "2018.12.24"]
[Round "4"]
[White "Kislinsky, Alexey"]
[Black "Pruijssers, Roeland"]
[Result "1/2-1/2"]
[WhiteElo "2425"]
[BlackElo "2520"]
[Annotator "TA"]
[PlyCount "160"]
[EventDate "2018.12.22"]
[EventType "swiss"]
[EventCountry "NED"]
[SourceTitle "playchess.com"]
[Source "ChessBase"]
[SourceQuality "1"]

{[%evp 18,160,6,14,42,0,0,-9,0,0,0,-12,0,0,0,0,0,0,-2,-4,-4,-4,-4,-6,0,0,0,-10,-8,-5,-8,-6,0,-8,0,-10,-8,-18,0,-6,0,-32,-3,-7,-9,-7,0,-8,-7,-14,-14,-44,-12,-27,-34,-34,-34,-34,-47,-145,-189,-157,-167,-235,-198,-187,-174,-170,-164,-327,-327,-326,-319,-289,-170,-212,-105,-212,-161,-236,-197,-369,-370,-540,-535,-611,-590,-574,-548,-309,-59,-59,-59,-59,-59,-59,-59,-59,-59,-59,0,-59,-59,-72,-72,-72,-72,-66,-59,-59,-59,-59,-59,-59,-59,-59,0,-59,-59,-59,-59,-59,-59,-59,-59,-59,-59,-59,-59,-59,-59,-59,-59,-59,-59,-59,-59,-59,-59,-59,-59,-59,-59,-58,0]} 1. e4 e5 2. Bc4 Nf6 3. Nc3 Nc6 4. d3 Bb4 5. Nf3 d5 6. exd5 Nxd5 7. O-O Bxc3 8. bxc3 Bg4 9. Re1 O-O 10. Bd2 Nb6 {C28: Vienna Game: 2...Nf6 3 Bc4 Nc6} (10... Re8 11. h3 Bh5 12. a4 Qd6 13. g4 Bg6 14. Nh4 Rad8 15. Nxg6 Qxg6 16. Qf3 Nb6 17. Bb3 Na5 18. Ba2 {1-0 (54) Gdanski,J (2596)-Ong,K (2478) Sweden 2005}) 11. Bb5 $146 (11. Bb3 $14) ({Predecessor:} 11. Bb3 Qf6 12. Re3 Rfe8 13. h3 Bh5 14. Qe2 Rad8 15. g4 Bg6 16. Re1 h5 17. Nxe5 Nxe5 18. Rxe5 Rxe5 19. Qxe5 {1-0 (34) Dominguez,F (1771)-Romero,P Montevideo 2014}) 11... Ne7 $11 12. d4 $1 exd4 {The position is equal.} 13. cxd4 Nf5 14. Be2 Bxf3 15. Bxf3 Qxd4 16. Bxb7 Rad8 17. Be4 Qxd2 18. Qxd2 Rxd2 19. Bxf5 Rd5 20. Bd3 Ra5 21. g3 g6 22. Re7 Rc8 23. Bf1 Rc5 24. Bd3 Kf8 25. Re4 Ra5 26. Rh4 Kg7 27. Re4 Kf8 28. Rh4 Kg7 29. Re4 Rd8 30. a4 Rd7 31. Ra3 c5 32. Kg2 c4 $36 {[%mdl 2048] Black has good play.} 33. Be2 ({But not} 33. Bxc4 $2 f5 $19) 33... f5 34. Re6 Rc7 35. Rae3 Kf7 36. Rd6 Rxa4 37. h4 Ra2 38. h5 (38. g4 $15) 38... Rxc2 $17 39. hxg6+ hxg6 40. Ree6 (40. Bd1 $142 Nc8 41. Rxg6 Rxf2+ 42. Kxf2 Kxg6 43. Ra3) 40... Rd7 41. Rf6+ Ke8 42. Rde6+ Re7 43. Bf3 $2 (43. Bf1 {keeps fighting.}) 43... Rxe6 $19 {[%mdl 64] Overworked Piece} 44. Rxe6+ {[%mdl 4096] Endgame KRB-KRN} Kf7 45. Rc6 Ra2 (45... Rb2 $142 {Hoping for ...a5.} 46. Rc5 Ke6) 46. g4 {[#]} Rd2 (46... Rb2 $1 $19 {is more deadly. Strongly threatening ...a5.} 47. Rc5 fxg4) 47. Kg3 (47. Kf1 $17) 47... Rd4 48. gxf5 (48. Be2 {is a better defense.}) 48... gxf5 {[%cal Bg6f5,Bf5f4][%mdl 32]} 49. Rc7+ $2 (49. Kg2 {was called for.}) 49... Ke6 50. Rxa7 (50. Kg2 $142) 50... c3 51. Be2 Nc4 52. Ra1 {intending Rc1.} f4+ 53. Kg2 {[#]} Ne5 $2 (53... c2 $1 $19 54. Rc1 Na3) 54. Rc1 $1 $15 Rd2 55. Kf1 $1 f3 {[#]} 56. Bxf3 $1 {[%mdl 512]} Nxf3 57. Rxc3 {KRN-KR} Nd4 58. Rc5 Nf3 (58... Ne2 $15) 59. Ra5 (59. Rc3 $1 $11) 59... Ne5 60. Kg2 Nd3 61. Ra6+ Kf5 62. Kf3 Nf4 {[%cal Rd2d3]} 63. Ra5+ Nd5 64. Ra3 Rc2 65. Rb3 Nc3 66. Rb8 Nd5 67. Rb3 Ra2 {Black is slightly better.} 68. Rd3 Nf6 69. Rb3 Ng4 70. Kg3 Rd2 71. Rf3+ Kg5 72. Rf8 Nf6 73. Kf3 Ra2 74. Rb8 Ra3+ 75. Kg2 Kf5 76. Rb5+ Kf4 77. Rb4+ Ne4 78. Rb8 Ra2 79. Rf8+ Kg4 80. Rg8+ Kf4 {Accuracy: White = 58%, Black = 68%.} (80... Ng5 $15) 1/2-1/2

[Event "Groningen Festival 2018"]
[Site "Groningen"]
[Date "2018.12.24"]
[Round "4"]
[White "Zwirs, Nico"]
[Black "Simet, Martin"]
[Result "1/2-1/2"]
[WhiteElo "2414"]
[BlackElo "2229"]
[Annotator "TA"]
[PlyCount "174"]
[EventDate "2018.12.22"]
[EventType "swiss"]
[EventCountry "NED"]
[SourceTitle "playchess.com"]
[Source "ChessBase"]
[SourceQuality "1"]

{[%evp 23,174,-16,-4,-18,7,-52,-17,-37,-6,0,37,43,36,22,60,56,73,67,85,79,84,73,73,79,75,75,144,133,124,73,84,81,101,64,66,0,0,0,0,-13,-10,-45,-36,-69,-40,-158,-35,-69,0,-54,-16,-67,-45,-32,-62,-139,-137,-133,-68,-98,-37,-29,0,-18,-8,-108,-131,-213,-222,-201,-137,-120,-81,-82,-89,-89,-89,-87,-87,-81,-80,-87,0,0,0,0,0,0,0,0,7,7,51,0,0,0,62,62,62,62,62,62,62,62,62,61,61,62,62,62,62,62,62,0,0,0,62,62,62,62,62,62,99,62,62,53,154,62,62,62,62,0,860,860,860,860,860,860,860,860,860,853,853,853,838,0,0,0,0,0,0,0,0]} 1. e4 c5 2. Nf3 Nc6 3. Nc3 g6 4. Bc4 Bg7 5. O-O d6 6. Bb3 Nf6 7. h3 O-O 8. d4 cxd4 9. Nxd4 Bd7 {B70: Sicilian Dragon: 6 g3 and 6 Be2 (without a later Be3)} 10. Re1 Nxd4 11. Qxd4 Bc6 12. Qd3 Nd7 {LiveBook: 3 Games} 13. Qg3 (13. Bg5 h6 14. Bh4 Nc5 15. Qd2 g5 16. Bg3 Bxc3 17. Qxc3 Nxe4 {½-½ (53) Movsesian,S (2695)-Timofeev,A (2664) Sarajevo 2008}) 13... Rc8 $146 ({Predecessor:} 13... a5 14. a4 Nc5 15. Bd5 Qb6 16. Ra2 Rac8 17. Bg5 Rfe8 {1-0 (46) Kotronias,V (2550)-Hoffmann,M (2425) Munich 1993}) 14. Nd5 (14. Bg5 $11) 14... Nc5 15. Bg5 Bxd5 16. exd5 Rc7 17. c3 h6 18. Bd2 Nxb3 19. axb3 a6 20. Ra4 Rc5 21. Qd3 Re8 22. Rg4 Qd7 23. b4 Rc7 24. Rh4 g5 ({Better is} 24... h5) 25. Rhe4 $16 Qf5 26. R1e3 (26. f4 $142 $1) 26... Be5 27. h4 f6 28. g3 {aiming for f4!} Qg6 29. hxg5 (29. b5 $14) 29... hxg5 $11 30. Re1 Kf7 31. Kg2 Rh8 $36 {[%mdl 2048] Black is more active.} 32. Kf1 Rh2 33. Qf3 Rc8 34. Ke2 {[#]} (34. g4 $15) 34... Rch8 (34... Bxg3 $1 $17 {[%mdl 512]} 35. Rf1 (35. Qxg3 Qxe4+) 35... Be5) 35. Kd1 $15 {[#]} b5 (35... g4 $1 $15 {[%mdl 512]} 36. Qe2 (36. Rxg4 Rxf2) 36... Rg2) 36. Kc1 (36. Be3 $1 $11) 36... R8h3 37. R4e2 ({White should play} 37. Rf1 $11) 37... g4 $1 {[%cal Rg4f3]} 38. Qe3 Qf5 39. b3 (39. Qa7 $15) 39... Qf3 40. c4 bxc4 (40... Rg2 $17 41. Kc2 Rhh2) 41. bxc4 Rh8 (41... Rg2 $17 42. Bc3 Qxe3+ 43. Rxe3 Rxf2 44. Bxe5 dxe5) 42. Kc2 Rc8 43. Kb3 Rc7 44. Qxf3 (44. Bc1 $11 {remains equal.}) 44... gxf3 $17 45. Rxe5 (45. Re3 $17 Rxf2 46. Bc3) 45... fxe5 $11 {[%mdl 4096] Endgame KRR-KRB} ({Not} 45... dxe5 46. Be3 $11) 46. Be3 Rh8 47. Ra1 Rhc8 48. c5 dxc5 49. bxc5 Rxc5 50. Bxc5 Rxc5 $17 {KR-KR} 51. Re1 Rxd5 {Threatens to win with ...Rd2.} 52. Re3 e4 (52... Ke6 $17) 53. Rxe4 $11 Rf5 54. Ra4 Rf6 55. Kc3 Ke8 56. Kd4 Kd7 57. Ke4 Kc7 58. Ra3 (58. g4 $14) 58... Kb6 59. g4 a5 (59... Rg6 $11) 60. g5 $14 Rf8 61. Rxf3 Rxf3 62. Kxf3 {KPP-KPP} a4 63. g6 {And now g7 would win.} a3 64. g7 a2 65. g8=Q a1=Q {KQ-KQ} 66. Qe6+ Kb5 67. Qxe7 Qh1+ 68. Kg3 ({White should try} 68. Ke2 $14) 68... Qg1+ $1 $11 69. Kf3 (69. Kh3 $11) 69... Qh1+ $14 70. Ke2 Qh5+ 71. f3 Qh2+ 72. Kd3 Qh1 73. Qe5+ Kc6 74. Ke4 Qg2 (74... Kd7 $14) 75. Qf6+ (75. Qd5+ $16 Kb6 76. Kf4) 75... Kd7 76. Ke5 Qh2+ 77. f4 (77. Kf5 $14) 77... Qb2+ $2 {[%mdl 8192]} (77... Ke8 $11) 78. Kf5 $18 Qc2+ 79. Kg5 {Intending Qf5+ and mate.} Qg2+ 80. Kh6 {Qg7+ would kill now.} Qh2+ 81. Kg7 Qg3+ 82. Kf8 Qa3+ 83. Kg8 Qa8+ 84. Qf8 $2 (84. Kf7 $18) 84... Qxf8+ $11 {The position is equal.} 85. Kxf8 Ke6 86. Kg7 {White wants to mate with Kg6.} Kf5 87. Kh6 Kxf4 {Accuracy: White = 49%, Black = 49%.} 1/2-1/2

[Event "Groningen Festival 2018"]
[Site "Groningen"]
[Date "2018.12.24"]
[Round "4"]
[White "Maatman, Nick"]
[Black "De Boer, Eelke"]
[Result "1-0"]
[WhiteElo "2363"]
[BlackElo "2327"]
[Annotator "TA"]
[PlyCount "97"]
[EventDate "2018.12.22"]
[EventType "swiss"]
[EventCountry "NED"]
[SourceTitle "playchess.com"]
[Source "ChessBase"]
[SourceQuality "1"]

{[%evp 19,97,32,29,15,12,16,15,8,2,-54,41,33,66,54,101,101,108,117,118,116,171,151,168,162,226,216,277,287,271,275,234,118,108,97,109,44,58,50,46,19,16,0,133,66,60,10,0,45,1509,1509,1312,1298,1304,1227,1044,906,772,724,705,691,702,712,616,600,962,1690,1097,1068,1683,1658,769,681,4133,1741,29968,29969,29983,29983,29983,29980]} 1. c4 Nf6 2. Nc3 g6 3. d4 Bg7 4. e4 d6 5. h3 O-O 6. Be3 e5 7. d5 a5 8. g4 Na6 9. Nf3 Nd7 {E90: King's Indian: Classical: Early deviations and 6 h3} (9... Nc5 10. Nd2 c6 11. Be2 a4 12. h4 Qa5 13. f3 a3 14. Qc2 axb2 15. Qxb2 h5 16. g5 Nfd7 17. O-O f6 18. Kg2 Qd8 19. Nb3 fxg5 20. hxg5 {½-½ (67) Nepomniachtchi,I (2757)-Grischuk,A (2766) chess.com INT 2018}) 10. a3 Nac5 {LiveBook: 62 Games} 11. h4 $146 ({Predecessor:} 11. Rg1 a4 12. Nd2 c6 13. Qc2 Nb6 14. g5 f5 15. f3 Bd7 16. O-O-O Qc7 17. Kb1 cxd5 18. cxd5 {1-0 (40) Bluebaum,M (2643)-Piorun,K (2640) Heraklio 2017}) 11... Nf6 {The position is equal.} 12. Bxc5 $1 dxc5 13. g5 Nh5 14. Qc2 (14. Qd2 $11) 14... f5 (14... f6 $1 $15) 15. Nd2 $14 fxe4 16. Ndxe4 Bg4 17. Be2 $1 {[%cal Re2g4]} Bxe2 18. Nxe2 Qe7 19. O-O-O Nf4 (19... b6 $16) 20. N2g3 $18 Rad8 21. Kb1 b6 (21... Nh5 $142 22. Nxh5 gxh5) 22. h5 c6 23. dxc6 Rd4 24. hxg6 hxg6 25. Ne2 ({White should play} 25. Nc3 $1 $18) 25... Nxe2 $16 26. Qxe2 {Strongly threatening Qg4.} Qc7 27. Nc3 (27. Rxd4 $1 $16 exd4 28. Qg4 Qxc6 29. f3) 27... Qxc6 $14 28. Nd5 Qe6 29. f4 e4 30. Rdf1 b5 {[#]} (30... e3 $11 31. Qxe3 Qxe3 32. Nxe3 Rdxf4) 31. f5 (31. Nf6+ $1 $16 Bxf6 32. gxf6 Qxf6 33. f5 (33. cxb5 Rfd8 $16)) 31... Rxf5 32. Rxf5 gxf5 33. Qh2 $36 {[%mdl 2048] White has good play.} Qe5 $2 {[%mdl 8192] [#]} (33... Rxd5 $14 34. cxd5 Qxd5) 34. Nf6+ $1 $18 {[%mdl 512]} Bxf6 35. Qh7+ Kf8 36. gxf6 Qxf6 {[%mdl 4096] Endgame KQR-KQR} 37. Rg1 {[%csl Gh7][%cal Rg1g8]} Qf7 38. Qh8+ Ke7 39. Rg7 Rxc4 40. Rxf7+ Kxf7 {KQ-KR} 41. Qe5 a4 42. Qxf5+ Ke7 43. Qd5 e3 44. Qe5+ Kd7 45. Qxe3 Kc6 46. Qe6+ Kb7 47. Qd6 {White mates.} Ka7 48. Qc6 b4 49. Qb5 {Accuracy: White = 54%, Black = 23%.} 1-0